000 00770 aa a2200241 a 4500
005 20180312144704.0
008 140509s2006 sp a | 00| 0 spa d
020 _a8441416028
020 _a9788441416024
040 _aCO-BoUCM
_bspa
_cSandra Palacio (modificó)
_dDavid Avila (modificó)
041 0 _aspa
060 _aBF 370
100 1 _aCampayo, Ramón
_d1965-
_960773
245 1 0 _aDesarrolla una mente prodigiosa
_cRamón Campayo
260 _aMadrid (España)
_bEDAF
_c2004
300 _a237 páginas
_bilustraciones
490 0 _aPsicología y autoayuda
_v44
650 _919646
_aMnemotecnia
650 _919277
_aMemoria
650 _919450
_aMétodos de estudio
690 _aPsicología
_98001
942 _a9
_cLIBRO
_e1
_2NLM
_hBF 370
_mC186d
_n0
999 _c242595
_d242595